000 00376nam a2200133Ia 4500
005 20260326100032.0
008 260326s9999||||xx |||||||||||||| ||und||
100 _aMayr, Otto
245 0 _aConstrucción de Hoteles :
_b Manual para la Construcción de Hoteles /
_cOtto Mayr
260 _bCompañía Continental
300 _a396 p.
650 _aARQUITECTURA CIVIL
942 _cBK
999 _c6621
_d6621